000
00287nam a22001217a 4500
082
_a
346
_b
NAM/E
100
_a
NAMBIAR, M.C.K
245
_a
ELEMENTS OF INSURANCE
_b
FOR PREDEGREE
260
_a
KANNUR
_b
KAMALALAYAM
300
_a
111
650
_a
INSURANCE BOOK REFERENCE
_z
INDIA
942
_c
BK
999
_c
1685
_d
1685